000 00339nam a22001337a 4500
008 171011b xxu||||| |||| 00| 0 eng d
020 _a9780761988274
041 _aeng
080 _25 ED
_a316
100 _a50
101 _aSOC
245 _aSOCIOLOGY EXPLORING THE ARCHITECTURE OF EVERYDAY LIFE
_cNEWMAN.D.M
942 _2udc
_cBK
999 _c33206
_d33206